guess the zoomed in flag - Statistics

General Stats
  • This quiz has been taken 15 times
  • The average score is 7 of 12
Answer Stats
Picture Answer % Correct
South Korea
100%
Andorra
82%
Benin
64%
Kuwait
64%
Saint Lucia
64%
Turkmenistan
64%
New Zealand
55%
Central African Republic
45%
Gibralta
45%
Mozambique
36%
Solomon Islands
27%
Eretria
9%
No matching quizzes found
Score Distribution
Percent of People with Each Score
Percentile by Number Answered
Your Score History
You have not taken this quiz